=LDR 00000nam 2200000 4500 =001 NUTBA000000000002870 =005 20221012093928 =035 ##$$a 0010-071400000000058 =008 221012################g##########0#ind## =020 ##$$a 978-979-788-354-6 =040 ##$$a NBPDMAT =082 ##$$a 028.5 =090 ##$$a 028.5 $b Kun s =100 ##$$a Kunti Indra Karmadewi =245 1#$$a Sunny bread, windy bread, snowy bread dan Rainy Bread /$c Kunti Indra Karmadewi =250 ##$$a Cet.1 =260 ##$$a Jakarta :$b Penebar Swadaya Group,$c 2013 =300 ##$$a 134 hlm. : $b ilus. ; $c 30 cm =650 #4$$a Bacaan kanak-kanak =084 ##$$a 028.5 KUN s =990 ##$$a 21402747 =990 ##$$a 21402748 =990 ##$$a 21402749 =990 ##$$a 21402750 =990 ##$$a 21402751 =990 ##$$a 21402751 =990 ##$$a 21402747 =990 ##$$a 21402748 =990 ##$$a 21402749 =990 ##$$a 21402750 =990 ##$$a 21402748 =990 ##$$a 21402747 =990 ##$$a 21402749 =990 ##$$a 21402750 =990 ##$$a 21402751